[Event "icn3g3r1,Tournefeuille-Beziers"]
[Site "?"]
[Date "2003.10.12"]
[Round "?"]
[White "Marco, MH."]
[Black "Cwiek, Perrine"]
[Result "0-1"]
[WhiteElo "1250"]
[BlackElo "1660"]
[EventDate "2003.11.21"]
[PlyCount "106"]

1.e4 e5 2.Nf3 Nc6 3.Bc4 Be7 4.Nc3 Nf6 5.d3 O-O 6.Nd5 d6 7.c3 Nxd5 8.Bxd5 
Kh8 9.d4 Bf6 10.Be3 Ne7 11.Ng5 Nxd5 12.exd5 Bxg5 13.dxe5 Bxe3 14.fxe3 dxe5
15.Rf1 Qh4+ 16.Kd2 Qxh2 17.Rf2 f6 18.Kc2 Qg3 19.Qd2 Rd8 20.c4 Qg6+ 21.Kb3 
Bf5 22.Ka3 Rd7 23.Qb4 b6 24.Qa4 Rdd8 25.Rc1 Be4 26.Qc6 Qg3 27.Re2 Bd3 28.
Ree1 Qxg2 29.Qxc7 Qd2 30.Rg1 Bg6 31.b3 Qxe3 32.d6 Qc5+ 33.b4 Qxc7 34.dxc7 
Rdc8 35.Rgd1 Rxc7 36.Rd6 f5 37.c5 bxc5 38.Rxc5 Rxc5 39.bxc5 Rc8 40.c6 h6 
41.Rxg6 e4 42.Re6 h5 43.Re7 Rxc6 44.Rxa7 Re6 45.Ra8+ Kh7 46.Rf8 e3 47.Rxf5
e2 48.Rxh5+ Kg6 49.Rh2 e1=Q 50.Rg2+ Kf7 51.Rc2 Qb1 52.Rb2 Ra6+ 53.Kb3 Rb6+
0-1

[Event "icn3g3r1,Tournefeuille-Beziers"]
[Site "?"]
[Date "2003.10.12"]
[Round "?"]
[White "Laclau, Daniel"]
[Black "Genestou, P."]
[Result "1-0"]
[WhiteElo "2312"]
[BlackElo "2119"]
[EventDate "2003.11.21"]
[PlyCount "109"]

1.d4 d5 2.Nf3 c6 3.c4 dxc4 4.a4 e6 5.e3 b5 6.b3 a5 7.bxc4 b4 8.Bd3 c5 9.
O-O Bb7 10.Bb2 Nf6 11.Nbd2 Nbd7 12.Qe2 Be7 13.Ne5 O-O 14.f4 g6 15.g4 Qc7 
16.g5 Ne8 17.Ng4 Ng7 18.Ne4 Rad8 19.Rad1 Bxe4 20.Bxe4 f5 21.Nh6+ Kh8 22.
Bc2 e5 23.dxe5 Qc6 24.Qg2 Qe6 25.Qd5 Nb6 26.Qxe6 Nxe6 27.Rxd8 Bxd8 28.Bb3 
Bc7 29.Rd1 Kg7 30.Kf2 Rd8 31.Rxd8 Bxd8 32.h4 Kf8 33.Kf3 Ng7 34.e4 Ke7 35.
exf5 gxf5 36.Ng8+ Ke6 37.Nf6 Bxf6 38.exf6 Ne8 39.h5 Nd7 40.Kg3 Nexf6 41.
gxf6 h6 42.Bd1 Nxf6 43.Bf3 Ke7 44.Kf2 Ne8 45.Ke3 Nf6 46.Kd3 Ne8 47.Be5 Kd7
48.Bd5 Ke7 49.Bc6 Nf6 50.Bxf6+ Kxf6 51.Bd7 Kf7 52.Bxf5 Kf6 53.Be4 Ke6 54.
Ke3 Kf6 55.Bb1 1-0

[Event "icn3g3r1,Tournefeuille-Beziers"]
[Site "?"]
[Date "2003.10.12"]
[Round "?"]
[White "Khalil, Vincent"]
[Black "Casella, Laurent"]
[Result "0-1"]
[WhiteElo "2130"]
[BlackElo "2110"]
[EventDate "2003.11.21"]
[PlyCount "52"]

1.e4 c5 2.Nf3 d6 3.d4 cxd4 4.Nxd4 Nf6 5.Nc3 g6 6.f3 Bg7 7.Be3 O-O 8.Qd2 
Nc6 9.O-O-O d5 10.Nxc6 bxc6 11.exd5 Nxd5 12.Nxd5 cxd5 13.Qxd5 Qc7 14.Qc5 
Qb7 15.Bd4 Bf5 16.Qa3 Rfc8 17.c4 Bh6+ 18.Be3 Bxe3+ 19.Qxe3 Qa6 20.a3 Rxc4+
21.Bxc4 Qxc4+ 22.Qc3 Qf4+ 23.Rd2 Rc8 24.Qxc8+ Bxc8 25.Rd1 Be6 26.Kb1 Kg7 
0-1

[Event "icn3g3r1,Tournefeuille-Beziers"]
[Site "?"]
[Date "2003.10.12"]
[Round "?"]
[White "Jules, Matthieu"]
[Black "Daloz, JM."]
[Result "1/2-1/2"]
[WhiteElo "2171"]
[BlackElo "2035"]
[EventDate "2003.11.21"]
[PlyCount "80"]

1.e4 c5 2.Nf3 Nc6 3.d4 cxd4 4.Nxd4 Nf6 5.Nc3 e5 6.Ndb5 d6 7.Bg5 a6 8.Na3 
b5 9.Nd5 Be7 10.Bxf6 Bxf6 11.c3 Bb7 12.Nc2 Nb8 13.a4 bxa4 14.Ncb4 O-O 15.
Qxa4 Nd7 16.Qa5 Nc5 17.Qxd8 Bxd8 18.f3 a5 19.Nc2 f5 20.Bc4 fxe4 21.Nc7+ 
Kh8 22.Nxa8 exf3 23.Rf1 Rf4 24.Ne3 fxg2 25.Nxg2 Bxg2 26.Rxf4 exf4 27.O-O-O
Bxa8 28.Rxd6 Bc7 29.Rd1 f3 $2 
    ( 29...a4 $5 30.Bd5 Nb3+ $19 )
30.b4 Ne4 31.Rd7 Bb6 32.bxa5 Bxa5 33.Ra7 Bc6 34.Rxa5 g6 35.Ra7 f2 36.Rf7 
Nxc3 37.Rxf2 Ne4 38.Rf7 Ba4 39.Ra7 Bc6 40.Rc7 Ba4 1/2-1/2

[Event "icn3g3r1,Tournefeuille-Beziers"]
[Site "?"]
[Date "2003.10.12"]
[Round "?"]
[White "Jacquart, C."]
[Black "Von Flue, Erwin"]
[Result "1/2-1/2"]
[WhiteElo "1860"]
[BlackElo "1940"]
[EventDate "2003.11.21"]
[PlyCount "69"]

1.d4 c5 2.c3 cxd4 3.cxd4 d5 4.Nc3 e6 5.Nf3 Nc6 6.Bf4 a6 7.e3 Nf6 8.Bd3 Nh5
9.Bg5 Be7 10.Bxe7 Qxe7 11.O-O g6 12.Rc1 Bd7 13.a3 O-O 14.Na4 b5 15.Nc5 
Rfc8 16.Qd2 Nf6 17.Rc2 e5 18.Nxe5 Nxe5 19.dxe5 Qxe5 20.h3 Be6 21.Rfc1 Ne4 
22.Bxe4 dxe4 23.Nxe6 Qxe6 24.Rxc8+ Rxc8 25.Rxc8+ Qxc8 26.Qd4 Qc1+ 27.Kh2 
Qc2 28.Kg1 Qb1+ 29.Kh2 Qd3 30.Kg3 Qc2 31.Qd8+ Kg7 32.Qd4+ Kg8 33.Qd8+ Kg7 
34.Qd4+ Kg8 35.Qd8+ 1/2-1/2

[Event "icn3g3r1,Tournefeuille-Beziers"]
[Site "?"]
[Date "2003.10.12"]
[Round "?"]
[White "Garrel, Alain"]
[Black "Hasbi, J."]
[Result "1/2-1/2"]
[WhiteElo "2152"]
[BlackElo "2000"]
[EventDate "2003.11.21"]
[PlyCount "78"]

1.d4 d5 2.Nf3 Nf6 3.c4 c6 4.cxd5 cxd5 5.Nc3 a6 6.Bf4 Nc6 7.e3 Bf5 8.Rc1 e6
9.Qb3 Qd7 10.Ne5 Nxe5 11.Bxe5 Rc8 12.Be2 Ne4 13.O-O Nxc3 14.Rxc3 Rxc3 15.
Qxc3 f6 16.Bg3 Be7 17.Rc1 O-O 18.Qc7 Rd8 19.a4 Kf7 20.h4 Ke8 21.Qb6 Rc8 
22.Rc7 Rxc7 23.Bxc7 Kf7 24.Bf4 Qc8 25.b4 Bd8 26.Qc5 Qxc5 27.dxc5 e5 28.Bg3
Bc2 29.a5 Ba4 30.f3 Ke6 31.Be1 Kd7 32.Bc3 Kc6 33.Kf2 Bb5 34.Bd1 Bc7 35.Bc2
g6 36.g4 Kd7 37.Bb3 Bc6 38.Bc2 Ke6 39.Kg2 Kf7 1/2-1/2

[Event "icn3g3r1,Tournefeuille-Beziers"]
[Site "?"]
[Date "2003.10.12"]
[Round "?"]
[White "Bruzzone, G."]
[Black "Diguet, A."]
[Result "1-0"]
[WhiteElo "2010"]
[BlackElo "1930"]
[EventDate "2003.11.21"]
[PlyCount "69"]

1.e4 Nf6 2.e5 Nd5 3.d4 d6 4.exd6 Qxd6 5.Bd3 Nc6 6.Ne2 Bg4 7.f3 Bh5 8.O-O 
Bg6 9.a3 O-O-O 10.c4 Nf6 11.Be3 Bxd3 12.Qxd3 e5 13.d5 g6 14.Nbc3 a6 15.b4 
Ne7 16.Ne4 Nxe4 17.fxe4 f5 18.Nc3 f4 19.Bf2 g5 20.b5 a5 21.c5 Qd7 22.c6 
bxc6 23.bxc6 Qxc6 24.Nb5 Qb7 25.Qh3+ $6 Rd7 26.Na7+ Kd8 27.Rab1 Qa8 28.Qe6
Rd6 29.Qxe5 Rg8 30.Nc6+ Nxc6 31.dxc6 Be7 32.Bc5 Bf6 33.Qf5 Bd4+ 34.Bxd4 
Rxd4 35.Qf6+ 1-0

[Event "icn3g3r1,Tournefeuille-Beziers"]
[Site "?"]
[Date "2003.10.12"]
[Round "?"]
[White "Aguirre, S."]
[Black "Francois, Sebastien"]
[Result "0-1"]
[WhiteElo "2198"]
[BlackElo "2122"]
[EventDate "2003.11.21"]
[PlyCount "65"]

1.Nf3 d5 2.g3 Nf6 3.Bg2 c6 4.d3 Bg4 5.O-O Nbd7 6.c4 e6 7.cxd5 Nxd5 8.Nbd2 
Be7 9.Nc4 O-O 10.Bd2 Bxf3 11.Bxf3 N7b6 12.Na5 Qd7 13.Qb3 e5 14.Rfd1 Kh8 
15.e4 Nc7 16.Bc3 f6 17.Nxb7 Ne6 18.Bg4 Nd4 19.Bxd7 Nxb3 20.axb3 Nxd7 21.d4
h6 22.dxe5 Nxe5 23.Bxe5 fxe5 24.Rd7 Bb4 25.Na5 c5 26.Nc6 Rf3 27.Nxe5 Rxb3 
28.Nc4 a5 29.f4 a4 30.e5 a3 31.bxa3 Bxa3 32.e6 Re8 33.Rxa3 0-1

[Event "icn3g3r1,St-Affrique-Perpignan"]
[Site "?"]
[Date "2003.10.12"]
[Round "?"]
[White "Yrle, Michel"]
[Black "Bosc, Sebastien"]
[Result "0-1"]
[WhiteElo "1830"]
[BlackElo "2065"]
[EventDate "2003.11.21"]
[PlyCount "72"]

1.e4 e5 2.Nf3 Nf6 3.d4 Nxe4 4.Bd3 d5 5.Nxe5 Nd7 6.O-O Nxe5 7.dxe5 Nc5 8.
Nc3 c6 9.Bf4 Qb6 10.Rb1 Be7 11.Be3 Qd8 12.Ne2 O-O 13.Nd4 Nxd3 14.Qxd3 Be6 
15.f4 c5 16.Nxe6 fxe6 17.c3 Qd7 18.Rf3 Qa4 19.a3 Qc4 20.Rd1 Qxd3 21.Rxd3 
b5 22.g4 c4 23.Rd1 g6 24.Kg2 a5 25.f5 Kf7 26.Rdf1 gxf5 27.gxf5 exf5 28.
Rxf5+ Kg6 29.Rxf8 Rxf8 30.Rf3 Rxf3 31.Kxf3 Kf5 32.Bd4 Bd8 33.Kg3 Bc7 34.
Kf3 Bxe5 35.Bxe5 Kxe5 36.Ke3 b4 0-1

[Event "icn3g3r1,St-Affrique-Perpignan"]
[Site "?"]
[Date "2003.10.12"]
[Round "?"]
[White "Tisseyre, Yannick"]
[Black "Redon, Philippe"]
[Result "1-0"]
[WhiteElo "2016"]
[BlackElo "2047"]
[EventDate "2003.11.21"]
[PlyCount "69"]

1.e4 e5 2.Nc3 Nf6 3.f4 d5 4.fxe5 Nxe4 5.d3 Nxc3 6.bxc3 c5 7.Nf3 Nc6 8.Be2 
Be7 9.O-O O-O 10.Qe1 f6 11.d4 fxe5 12.dxe5 Bf5 13.Bd3 Qd7 14.Qg3 Kh8 15.
Bd2 Bxd3 16.cxd3 Qf5 17.Rab1 Qxd3 18.Rxb7 c4 19.Rd1 Rab8 20.Rxb8 Rxb8 21.
Qe1 Qf5 22.Be3 Qe4 23.Qd2 Rb1 24.Rxb1 Qxb1+ 25.Kf2 Qe4 26.Qb2 h6 27.Qb5 
Nxe5 $2 
    ( 27...Qc2+ 28.Bd2 Bh4+ 29.g3 Bg5 30.Qxd5 $16 )
28.Qb8+ Kh7 29.Qxe5 Qc2+ 30.Nd2 Bf6 31.Qxd5 Qxa2 32.Qxc4 Qc2 33.Qe4+ Qxe4 
34.Nxe4 Be5 35.Bxa7 1-0

[Event "icn3g3r1,St-Affrique-Perpignan"]
[Site "?"]
[Date "2003.10.12"]
[Round "?"]
[White "Serreau, David"]
[Black "Lebouchard, Charles"]
[Result "1/2-1/2"]
[WhiteElo "2207"]
[BlackElo "2021"]
[EventDate "2003.11.21"]
[PlyCount "94"]

1.Nf3 d5 2.c4 c6 3.g3 e6 4.Bg2 Nf6 5.O-O Be7 6.d4 O-O 7.Nbd2 b6 8.b3 Bb7 
9.Bb2 Nbd7 10.Re1 c5 11.e3 Rc8 12.Rc1 Rc7 13.Ne5 Qa8 14.Qe2 Rfc8 15.Nxd7 
Rxd7 16.dxc5 bxc5 17.cxd5 exd5 18.Bh3 Rdd8 19.Bxc8 Qxc8 20.f3 Ba6 21.Qf2 
Bd3 22.Red1 Qa6 23.a3 Qb5 24.a4 Qa6 25.Ba3 Qb6 26.Rc3 Ba6 27.Rdc1 Nd7 28.
Bb2 Bf6 29.R3c2 Bxb2 30.Rxb2 Ne5 31.Nf1 Nd3 32.Qd2 Nxb2 33.Qxb2 Bxf1 34.
Kxf1 c4 35.Rc3 Rb8 36.Qc2 Qa6 37.bxc4 dxc4 38.Kg2 Rb4 39.Qe4 g6 40.Qe8+ 
Kg7 41.Qe5+ Qf6 42.Qxf6+ Kxf6 43.f4 Rxa4 44.Kf3 Ke6 45.Ke4 h5 46.Kd4 Kd6 
47.e4 Kc6 1/2-1/2

[Event "icn3g3r1,St-Affrique-Perpignan"]
[Site "?"]
[Date "2003.10.12"]
[Round "?"]
[White "Raynouzrd, JY."]
[Black "Herrero, A."]
[Result "0-1"]
[WhiteElo "1620"]
[BlackElo "1820"]
[EventDate "2003.11.21"]
[PlyCount "80"]

1.d4 Nf6 2.c4 g6 3.Nc3 d5 4.cxd5 Nxd5 5.e4 Nxc3 6.bxc3 Bg7 7.Nf3 c5 8.Rb1 
Nc6 9.Bb5 O-O 10.Bxc6 bxc6 11.O-O Bg4 12.Be3 Qa5 13.Qc2 Bxf3 14.gxf3 Rab8 
15.Rfc1 c4 16.Bf4 e5 17.Bd2 Qa3 18.Be3 Rb5 19.Rxb5 cxb5 20.d5 Rb8 21.Rb1 
a5 22.Bc1 Qd6 23.Be3 Bf8 24.Ba7 Rb7 25.Be3 Qc7 26.Qd2 b4 27.Qb2 f6 28.Rc1 
b3 29.a4 
    ( 29.axb3 cxb3 30.Ra1 f5 31.Ra4 Qd7 32.Rxa5 fxe4 33.fxe4 Qg4+ 34.Kf1 
    Qxe4 $17 )
29...Qd7 30.Ra1 f5 31.Qe2 f4 32.Bxf4 exf4 33.Qxc4 Bd6 34.Rb1 Qc7 35.Qd3 
Be5 36.c4 Rb4 37.Rxb3 Qxc4 38.Qxc4 Rxc4 39.Rd3 Kf8 40.d6 Rd4 0-1

[Event "icn3g3r1,St-Affrique-Perpignan"]
[Site "?"]
[Date "2003.10.12"]
[Round "?"]
[White "Pous, Vincent"]
[Black "Guttridge, V."]
[Result "1-0"]
[WhiteElo "2056"]
[BlackElo "1620"]
[EventDate "2003.11.21"]
[PlyCount "48"]

1.e4 e5 2.Bc4 Nf6 3.d3 Nc6 4.f4 exf4 5.Bxf4 d6 6.h3 g6 7.Qd2 Bg7 8.Nc3 O-O
9.Nf3 Na5 10.Bb3 Nxb3 11.axb3 b6 12.O-O Bb7 13.Bh6 Qd7 14.Qg5 Rfe8 15.Rf2 
Nh5 16.Bxg7 Kxg7 17.g4 Nf6 18.Nd4 Ng8 19.Raf1 Re7 $4 
    ( 19...f6 $14 )
20.Nf5+ Kf8 21.Nxe7 Qxe7 22.Qxe7+ Kxe7 23.Rxf7+ Ke6 24.d4 Nf6 $4 1-0

[Event "icn3g3r1,St-Affrique-Perpignan"]
[Site "?"]
[Date "2003.10.12"]
[Round "?"]
[White "Pech, Gilles"]
[Black "Anton, G."]
[Result "1/2-1/2"]
[WhiteElo "2049"]
[BlackElo "2007"]
[EventDate "2003.11.21"]
[PlyCount "82"]

1.d4 b6 2.e4 Bb7 3.Bd3 e6 4.Nf3 Nf6 5.Nbd2 c5 6.c3 cxd4 7.cxd4 d6 8.O-O 
Be7 9.Re1 O-O 10.b4 Nbd7 11.Bb2 Rc8 12.Qb3 Qc7 13.a4 a6 14.Ng5 h6 15.Nh3 
Qb8 16.f4 Qa8 17.Re2 d5 18.e5 Ne4 19.Rae1 Nxd2 20.Rxd2 Rc7 21.Rf1 Rfc8 22.
f5 Rc4 $5 23.fxe6 fxe6 24.Bb1 Rf8 25.Rdf2 Rxf2 26.Rxf2 Bxb4 27.Qd3 Nf8 28.
Nf4 Qe8 29.g4 Rc7 30.Nh5 Rf7 31.Rg2 Be1 32.Ba3 Bh4 33.Bxf8 Kxf8 34.Qa3+ 
Kg8 35.Bg6 Rf1+ 36.Kxf1 Qxg6 37.Qc1 Qd3+ 38.Kg1 Qxd4+ 39.Kf1 Qd3+ 40.Kg1 
Qd4+ 41.Kf1 Qd3+ 1/2-1/2

[Event "icn3g3r1,St-Affrique-Perpignan"]
[Site "?"]
[Date "2003.10.12"]
[Round "?"]
[White "Negre, Albert"]
[Black "Poulenard, Raphael"]
[Result "1-0"]
[WhiteElo "2127"]
[BlackElo "2255"]
[EventDate "2003.11.21"]
[PlyCount "72"]

1.d4 Nf6 2.Nc3 d5 3.Bg5 g6 4.Qd2 Bg7 5.Bh6 O-O 6.Bxg7 Kxg7 7.O-O-O c6 8.f3
b5 9.e4 b4 10.e5 bxc3 11.exf6+ exf6 12.Qxc3 Qd6 13.Qd2 a5 14.h4 h5 15.a3 
Nd7 16.Nh3 Nb6 17.Qf4 Qe7 18.g4 Rh8 19.Bd3 hxg4 20.Rde1 Qb7 21.fxg4 Qb8 
22.Qxb8 Rxb8 23.Nf2 Nc4 24.Bxc4 dxc4 25.g5 Be6 26.gxf6+ Kxf6 27.Ne4+ Kg7 
28.Ng3 Rb5 29.Rh2 Rd5 30.c3 c5 31.Re5 cxd4 32.Rxd5 Bxd5 33.cxd4 f5 34.Kd2 
f4 35.Nf1 Rb8 36.Ke1 Rb3 1-0

[Event "icn3g3r1,St-Affrique-Perpignan"]
[Site "?"]
[Date "2003.10.12"]
[Round "?"]
[White "Mourgues, J."]
[Black "Petyt, Marcel"]
[Result "1/2-1/2"]
[WhiteElo "1740"]
[BlackElo "1570"]
[EventDate "2003.11.21"]
[PlyCount "78"]

1.Nf3 Nf6 2.g3 g6 3.Bg2 Bg7 4.d3 d6 5.O-O O-O 6.e4 Bg4 7.h3 Bxf3 8.Qxf3 
Nc6 9.c3 Ne5 10.Qe2 c5 11.f4 Nc6 12.Nd2 e6 13.Kh2 Qc7 14.Nf3 Nd7 15.Ng5 h6
16.Nf3 f5 17.Nh4 Kh7 18.Be3 Ne7 19.Rad1 e5 20.fxe5 Nxe5 21.d4 Nd7 22.Qd3 
c4 23.Qe2 fxe4 24.Bxe4 d5 25.Bf4 Rxf4 26.Rxf4 dxe4 27.Rxe4 Nd5 28.Qg4 N7f6
29.Qxg6+ Kh8 30.Re6 Rf8 31.Qf5 Kg8 32.Ng6 Rf7 33.Rde1 Qd8 34.Ne5 Rf8 35.
Nxc4 Nh7 36.Qg6 Nc7 37.R6e2 Ng5 38.Ne5 Qc8 39.Qh5 Bxe5 1/2-1/2

[Event "icn3g3r1,St-Affrique-Perpignan"]
[Site "?"]
[Date "2003.10.12"]
[Round "?"]
[White "Boyd, Stephen"]
[Black "Camacho, JC."]
[Result "1/2-1/2"]
[WhiteElo "2331"]
[BlackElo "2160"]
[EventDate "2003.11.21"]
[PlyCount "123"]

1.d4 Nf6 2.Bg5 d5 3.Bxf6 exf6 4.e3 Bf5 5.c4 Bxb1 6.Qa4+ Nc6 7.Rxb1 Bb4+ 8.
Kd1 O-O 9.a3 Be7 10.Nf3 dxc4 11.Kc2 a6 12.Qxc4 Rc8 13.Rc1 Na5 14.Qd3 b5 
15.Kb1 b4 16.a4 Qd7 17.b3 c5 18.dxc5 Qxd3+ 19.Bxd3 Nxb3 20.Bxa6 Ra8 21.Bb7
Rxa4 22.c6 Ra1+ 23.Kb2 Rxc1 24.Rxc1 Nxc1 25.Kxc1 Bd6 26.Nd4 Re8 27.Nb5 Bb8
28.Kb2 Re5 29.Nd4 Kf8 30.Kb3 Ke8 31.Kxb4 Kd8 32.g3 g6 33.Ba6 Kc7 34.Bc4 
Re7 35.Bd5 Kb6 36.Kc4 Be5 37.Nb5 Bb8 38.Nc3 Re5 39.Bxf7 Kxc6 40.Kd3 Ra5 
41.Ke4 Be5 42.Ne2 Ra4+ 43.Kf3 Kd6 44.h4 Ra7 45.Bg8 h6 46.Bb3 Rb7 47.Bc2 f5
48.Bd3 Ke6 49.Kg2 Kf6 50.Kf3 Rb3 51.Bc4 Rb2 52.Kg2 g5 53.hxg5+ hxg5 54.Kf3
Ke7 55.Bd3 Kf6 56.Kg2 Rd2 57.Bb5 Ke7 58.Kf3 Kd6 59.Kg2 Kc5 60.Ba6 Kb4 61.
f4 gxf4 62.gxf4 1/2-1/2

[Event "icn3g3r1,Ramonville-Echiquier Toulousai"]
[Site "?"]
[Date "2003.10.12"]
[Round "?"]
[White "Sakri, Abdelhak"]
[Black "Uzcudun, M."]
[Result "1-0"]
[WhiteElo "2016"]
[BlackElo "1960"]
[EventDate "2003.11.21"]
[PlyCount "61"]

1.d4 d6 2.c4 g6 3.Nc3 Bg7 4.e4 Nf6 5.f3 O-O 6.Be3 Nbd7 7.Nh3 c5 8.d5 Ne8 
9.Qd2 e6 10.Be2 a6 11.Bg5 Ndf6 12.dxe6 Bxe6 13.Nf4 Qd7 14.Nxe6 fxe6 15.Rd1
Rd8 16.e5 dxe5 17.Qe3 Qc7 18.Rxd8 Qxd8 19.Qxc5 Qd4 20.Be3 Qd6 21.O-O Rf7 
22.Rd1 Qxc5 23.Bxc5 Rd7 24.Rxd7 Nxd7 25.Ne4 Bh6 26.Kf2 b6 27.Be3 Bxe3+ 28.
Kxe3 h6 29.c5 a5 30.Bb5 Nef6 31.Bxd7 1-0

[Event "icn3g3r1,Ramonville-Echiquier Toulousai"]
[Site "?"]
[Date "2003.10.12"]
[Round "?"]
[White "Nicq-Beothy, A."]
[Black "Taulere, S."]
[Result "0-1"]
[WhiteElo "1540"]
[BlackElo "1630"]
[EventDate "2003.11.21"]
[PlyCount "110"]

1.e4 e6 2.d4 d5 3.e5 c5 4.c3 Nc6 5.Bd3 cxd4 6.cxd4 Nxd4 7.Qa4+ Nc6 8.Nf3 
Bd7 9.Qd1 Qc7 10.Nc3 Nxe5 11.Be2 Nf6 12.Nd4 a6 13.O-O Bd6 14.Bg5 Nc6 15.g3
Nxd4 16.Qxd4 Be5 17.Qd2 Bxc3 18.bxc3 Ne4 19.Qc1 Nxc3 20.Bh5 Nb5 21.Qd2 Bc6
22.a4 Nd6 23.Bf4 Ne4 24.Qd4 Qe7 25.Qxg7 Qf6 26.Qxf6 Nxf6 27.Be5 Ke7 28.Be2
Rhg8 29.f3 Nd7 30.Bc3 e5 31.Bd3 h5 32.Kf2 Ke6 33.Rfe1 f6 34.f4 e4 35.Bc2 
f5 36.Bb4 Nf6 37.Bb3 Rh8 38.Kg2 Rag8 39.Bc3 h4 40.Re2 hxg3 41.hxg3 Rh6 42.
Re3 Rhg6 43.Rh1 Nd7 44.Bd4 Rg4 45.Kf2 Kd6 46.Rh6+ R8g6 47.Rxg6+ Rxg6 48.
Rc3 Rh6 49.Kg2 Nf6 50.Be5+ Kd7 51.Bd4 Ng4 52.Bg1 Rh7 53.Bd1 e3 54.Bxg4 
fxg4 55.a5 d4+ 0-1

[Event "icn3g3r1,Ramonville-Echiquier Toulousai"]
[Site "?"]
[Date "2003.10.12"]
[Round "?"]
[White "Legros, JL."]
[Black "Fournier, Camille"]
[Result "1-0"]
[WhiteElo "1970"]
[BlackElo "2095"]
[EventDate "2003.11.21"]
[PlyCount "177"]

1.e4 c6 2.d4 d5 3.e5 a6 4.Bd3 c5 5.c3 Nc6 6.Be3 Nh6 7.h3 Nf5 8.Nf3 cxd4 9.
cxd4 Nxe3 10.fxe3 e6 11.a3 Be7 12.O-O O-O 13.Qc2 g6 14.Nc3 Bd7 15.Nh2 Be8 
16.Ng4 f5 17.exf6 Bxf6 18.Rf3 Bg7 19.Raf1 Rxf3 20.Rxf3 e5 21.Nxd5 Kh8 22.
Qc5 Bd7 23.Ngf6 Rc8 24.Nxd7 Nxd4 25.Rf8+ Bxf8 26.Qxf8+ Qxf8 27.Nxf8 Rxf8 
28.exd4 Rd8 29.Be4 exd4 30.Kf2 Kg7 31.Ke2 Kf7 32.Kd3 Ke6 33.Kxd4 b6 34.Bf3
Rd6 35.Kc4 Ke5 36.Nc7 Rd4+ 37.Kc3 a5 38.Nb5 Rd8 39.Na7 Rd7 40.Nc6+ Kd6 41.
Kc4 Kc7 42.Kb5 Rd2 43.b4 Rd3 44.bxa5 bxa5 45.a4 h5 46.Nxa5 Re3 47.Nc4 Rb3+
48.Kc5 Rb1 49.Be4 Rg1 50.Bxg6 Rxg2 51.Bf5 Rg5 52.Nd6 Rg2 53.a5 Rd2 54.Nb5+
Kb7 55.Be4+ Ka6 56.Nd6 Rh2 57.Bd3+ Kxa5 58.Bb5 Rc2+ 59.Nc4+ Rxc4+ 60.Bxc4 
h4 61.Kc6 Kb4 62.Kd5 Ka5 63.Kc5 Ka4 64.Kb6 Kb4 65.Bb5 Kc3 66.Kc5 Kb3 67.
Kd4 Ka3 68.Kc3 Ka2 69.Kb4 Kb2 70.Ba4 Ka2 71.Bd1 Kb2 72.Bb3 Ka1 73.Kc3 Kb1 
74.Bc2+ Ka2 75.Bf5 Ka3 76.Bd7 Ka2 77.Kb4 Kb2 78.Be6 Kb1 79.Kb3 Ka1 80.Kc3 
Kb1 81.Bd5 Ka1 82.Kd2 Kb2 83.Ke3 Kc3 84.Ba2 Kc2 85.Kf4 Kd3 86.Kg4 Ke4 87.
Kxh4 Kf4 88.Kh5 Kf5 89.h4 1-0

[Event "icn3g3r1,Ramonville-Echiquier Toulousai"]
[Site "?"]
[Date "2003.10.12"]
[Round "?"]
[White "Guillory, G."]
[Black "Robichon, F."]
[Result "1-0"]
[WhiteElo "1930"]
[BlackElo "1870"]
[EventDate "2003.11.21"]
[PlyCount "62"]

1.d4 d5 2.c4 e6 3.Nc3 c6 4.Nf3 Nf6 5.Bg5 Nbd7 6.e3 Bb4 7.Qc2 Qa5 8.Bxf6 
Nxf6 9.Nd2 Bd6 10.Bd3 e5 11.cxd5 exd4 12.Nc4 Qd8 13.Nxd6+ Qxd6 14.exd4 
Nxd5 15.O-O Be6 16.Ne4 Qe7 17.a3 O-O-O 18.Qa4 Kb8 19.Nc5 Nb6 20.Qb4 Qd6 
21.d5 Bxd5 22.a4 f5 23.a5 Bxg2 24.axb6 a6 25.Kxg2 Qd5+ 26.f3 Rd6 27.Kf2 
Qe5 28.Kg2 Rhd8 29.Rfe1 Qf6 30.Bxa6 bxa6 31.Rxa6 Rd2+ {temps depasse} 1-0

[Event "icn3g3r1,Ramonville-Echiquier Toulousai"]
[Site "?"]
[Date "2003.10.12"]
[Round "?"]
[White "Grand, P."]
[Black "Lebon, Joffrey"]
[Result "0-1"]
[WhiteElo "1960"]
[BlackElo "2010"]
[EventDate "2003.11.21"]
[PlyCount "102"]

1.c4 e5 2.g3 f5 3.d4 exd4 4.Qxd4 Nc6 5.Qe3+ Be7 6.Bg2 Nf6 7.Nc3 O-O 8.b3 
Kh8 9.Nh3 Ng4 10.Qd2 Bc5 11.Nd5 a5 12.Bb2 d6 13.O-O Nce5 14.e3 c6 15.Ndf4 
Qb6 16.Bd4 a4 17.Bxc5 dxc5 18.Qc3 Qc7 19.Nd3 Nxd3 20.Qxd3 Qe5 21.Rad1 axb3
22.axb3 Nf6 23.Qd6 Qxd6 24.Rxd6 Ne4 25.Bxe4 fxe4 26.Ng5 Bf5 27.Ne6 Rf6 28.
Rd8+ Rxd8 29.Nxd8 b6 30.Nb7 Bg4 31.Ra1 h6 32.Ra8+ Kh7 33.Rd8 Rf7 34.Nd6 
Ra7 35.Kg2 Bf3+ 36.Kh3 Ra3 37.g4 Rxb3 38.Kg3 Rd3 39.Kf4 b5 40.h4 b4 41.g5 
hxg5+ 42.hxg5 Kg6 43.Ke5 Kxg5 44.Rc8 b3 45.Rxc6 b2 46.Rb6 Rd2 47.Nxe4+ 
Bxe4 48.f4+ Kg4 49.Kxe4 Kg3 50.Kf5 Kf2 51.Kg6 Rd6+ 0-1

[Event "icn3g3r1,Ramonville-Echiquier Toulousai"]
[Site "?"]
[Date "2003.10.12"]
[Round "?"]
[White "Garaud, Alain"]
[Black "Tromp, HJ."]
[Result "1/2-1/2"]
[WhiteElo "1890"]
[BlackElo "1920"]
[EventDate "2003.11.21"]
[PlyCount "118"]

1.e4 e5 2.Nf3 Nf6 3.Nxe5 d6 4.Nf3 Nxe4 5.d4 d5 6.Bd3 Nc6 7.O-O Be7 8.Re1 
Bg4 9.c3 f5 10.Qb3 Qd7 11.Ne5 Nxe5 12.dxe5 Nc5 13.Qc2 Nxd3 14.Qxd3 O-O 15.
f4 Rad8 16.Nd2 Bc5+ 17.Kh1 Qa4 18.b4 Bf2 19.Rf1 Bb6 20.Nb3 Qc6 21.Be3 Qg6 
22.Bxb6 axb6 23.a4 Rfe8 24.a5 bxa5 25.Rxa5 c6 26.Nd4 Ra8 27.Rfa1 Rxa5 28.
Rxa5 Qf7 29.h3 Bh5 30.Qxf5 Qxf5 31.Nxf5 Rf8 32.g4 Bg6 33.Ne7+ Kf7 34.Nxg6 
Kxg6 35.f5+ Kg5 36.Ra7 Rf7 37.Ra8 Re7 38.e6 h5 39.Rg8 hxg4 40.hxg4 Kf4 41.
Kg2 b6 42.Kh3 c5 43.bxc5 bxc5 44.Rd8 Ke5 45.Kg3 $2 
    ( 45.Rd7 $3 )
45...g6 46.Rd7 Re8 47.Kf3 
    ( 47.Rf7 $1 )
47...gxf5 48.gxf5 Kxf5 49.Rxd5+ Kxe6 50.Rxc5 Kd6 51.Rc4 Kd5 52.Rd4+ Kc5 
53.Rd7 Kc6 54.Rh7 Kc5 55.Rh4 Kc6 56.Re4 Rxe4 57.Kxe4 Kc5 58.Ke3 Kc4 59.Kd2
Kc5 1/2-1/2

[Event "icn3g3r1,Ramonville-Echiquier Toulousai"]
[Site "?"]
[Date "2003.10.12"]
[Round "?"]
[White "Dezaele, Christophe"]
[Black "Faure, Nicolas"]
[Result "1-0"]
[WhiteElo "2136"]
[BlackElo "1996"]
[EventDate "2003.11.21"]
[PlyCount "63"]

1.d4 d5 2.Nf3 Nf6 3.c4 c6 4.Nbd2 Bf5 5.g3 Nbd7 6.Bg2 e6 7.O-O Be7 8.b3 O-O
9.Bb2 Ne4 10.Rc1 Qa5 11.a3 b5 12.b4 Qb6 13.c5 Qb7 14.Nb3 Bd8 15.Nfd2 a5 
16.Nxe4 dxe4 17.bxa5 Bxa5 18.Nxa5 Rxa5 19.Qd2 Ra4 20.Qf4 Nf6 21.Rfd1 b4 
22.axb4 Rxb4 23.Ba1 Rb8 24.g4 Nxg4 25.Bxe4 Bxe4 26.Qxe4 Nh6 27.Qe5 Re8 28.
Bc3 Ra4 29.e4 Qb3 30.Rb1 Qxc3 31.Rb8 f6 $4 
    ( 31...Ra8 $1 )
32.Qxe6+ 1-0

[Event "icn3g3r1,Ramonville-Echiquier Toulousai"]
[Site "?"]
[Date "2003.10.12"]
[Round "?"]
[White "Daragon, Bruno"]
[Black "Xanthakis, Spyridon"]
[Result "0-1"]
[WhiteElo "1770"]
[BlackElo "1620"]
[EventDate "2003.11.21"]
[PlyCount "74"]

1.c4 f5 2.Nc3 Nf6 3.g3 g6 4.Bg2 Bg7 5.d4 d6 6.Nh3 O-O 7.O-O c6 8.e3 Na6 9.
a3 Qc7 10.Rb1 e5 11.b4 e4 12.Qb3 Be6 13.Nf4 Bf7 14.b5 Nb8 15.bxc6 bxc6 16.
d5 Nbd7 17.dxc6 Qxc6 18.Nfd5 Nxd5 19.Nxd5 Rfe8 20.Bd2 Rab8 21.Qa2 Nb6 22.
Nxb6 axb6 23.Rfc1 Rec8 24.Bf1 b5 25.Qc2 Ra8 26.Bb4 bxc4 27.Rd1 d5 28.Be2 
h5 29.Kg2 Be6 30.f3 Bh6 31.f4 Bg7 32.h3 Kf7 33.Kf2 Rd8 34.g4 hxg4 35.hxg4 
Rh8 36.Bc3 Rh2+ 37.Kg3 Rah8 0-1

[Event "icn3g3r1,Ramonville-Echiquier Toulousai"]
[Site "?"]
[Date "2003.10.12"]
[Round "?"]
[White "Bedos, Michel"]
[Black "Juglard, Eric"]
[Result "1-0"]
[WhiteElo "2293"]
[BlackElo "2172"]
[EventDate "2003.11.21"]
[PlyCount "61"]

1.Nf3 Nf6 2.c4 g6 3.Nc3 Bg7 4.e4 d6 5.d4 O-O 6.Be2 e5 7.O-O Nc6 8.d5 Ne7 
9.b4 a5 10.Ba3 Nd7 11.Nd2 f5 12.bxa5 Rxa5 13.Bb4 Ra8 14.a4 b6 15.a5 Ba6 
16.axb6 Nxb6 17.c5 Bxe2 18.Rxa8 Bxd1 19.Rxd8 Rxd8 20.cxb6 c5 21.Bxc5 dxc5 
22.Rxd1 Rb8 23.Nc4 Nc8 24.Na4 Bf8 25.d6 Bxd6 26.Nxd6 Nxb6 27.Rb1 Nd7 28.
Rxb8+ Nxb8 29.exf5 gxf5 30.Nxf5 Nd7 31.Nd6 1-0

[Event "icn3g3r1,Narbonne-Montpellier Européen"]
[Site "?"]
[Date "2003.10.12"]
[Round "?"]
[White "Serra Labrador, Carles"]
[Black "Desnos, M."]
[Result "1-0"]
[WhiteElo "1920"]
[BlackElo "1880"]
[EventDate "2003.11.21"]
[PlyCount "139"]

1.e4 e5 2.Nc3 Nf6 3.Bc4 Bb4 4.d3 d6 5.Ne2 Be6 6.Bxe6 fxe6 7.O-O O-O 8.a3 
Ba5 9.b4 Bb6 10.Na4 Nbd7 11.Nxb6 axb6 12.f4 Qe7 13.Bb2 exf4 14.Nxf4 Rf7 
15.Nh5 Raf8 16.Nxf6+ Nxf6 17.e5 Nd7 18.Qe2 d5 19.Rxf7 Rxf7 20.d4 Nf8 21.
Rf1 Ng6 22.g3 Qf8 23.Rxf7 Qxf7 24.Qf2 Qxf2+ 25.Kxf2 b5 26.Bc1 Ne7 27.g4 
Kf7 28.h4 g6 29.Kf3 h5 30.c3 Nc8 31.Kf4 hxg4 32.Kxg4 Nb6 33.h5 gxh5+ 34.
Kxh5 Nc4 35.Kg4 Kg6 36.Kf4 Nb6 37.Kg4 Na4 38.Bd2 Nb2 39.Be3 Nd1 40.Bd2 
Nf2+ 41.Kf4 Nd3+ 42.Ke3 Nb2 43.Kf4 {(=)} 43...Nc4 44.Bc1 Kh5 45.Kg3 c6 46.
Kh3 Nb6 47.Bb2 Na4 48.Ba1 Kg5 49.Kg3 Kf5 50.Kf3 Nb6 51.Bb2 Nd7 52.Bc1 Nb6 
53.Bb2 Nd7 54.Bc1 Nf8 55.Bh6 Ng6 56.Ke3 Nh8 57.Kf3 Nf7 58.Bc1 Nh8 59.Bh6 
Nf7 60.Bc1 Nh8 61.Bf4 Ng6 62.Bg3 Kg5 63.Be1 Kf5 64.Bd2 Nf8 65.Bh6 Ng6 66.
Kg3 Nh8 67.Kh4 Kg6 68.Be3 Nf7 69.Kg4 Nd8 70.Bg5 1-0